000 00387nam a22001697a 4500
003 MPLRDC
005 20220104125405.0
008 210129b ||||| |||| 00| 0 eng d
082 _a857.9 CLK-5
100 _a沧浪客
245 _a魔铃剑雨
_c
250 _a初版
260 _a
_b武林出版社
_c1981
300 _b
650 _a武侠小说
942 _cBK
_o857.9 CLK-5
999 _c26971
_d26961